Advancing the Physics of Cosmic Distances (Record no. 21999)

MARC details
000 -LEADER
fixed length control field 00791nam a2200193Ia 4500
003 - CONTROL NUMBER IDENTIFIER
control field IN-BaIIA
008 - FIXED-LENGTH DATA ELEMENTS--GENERAL INFORMATION
fixed length control field 211028s9999 xx s 000 0 eng d
020 ## - INTERNATIONAL STANDARD BOOK NUMBER
International Standard Book Number 978-1-107-03378-8 (Print)
022 ## - INTERNATIONAL STANDARD SERIAL NUMBER
International Standard Serial Number 1743-9213 (Print)
022 ## - INTERNATIONAL STANDARD SERIAL NUMBER
International Standard Serial Number 1743-9221 (Online)
040 ## - CATALOGING SOURCE
Transcribing agency IIA Library
100 ## - MAIN ENTRY--PERSONAL NAME
Personal name de Grijs, Richard, ed.
9 (RLIN) 31187
245 #0 - TITLE STATEMENT
Title Advancing the Physics of Cosmic Distances
Medium [eBook]
260 ## - PUBLICATION, DISTRIBUTION, ETC.
Place of publication, distribution, etc. Cambridge
Name of publisher, distributor, etc. Cambridge University Press
Date of publication, distribution, etc. 2013
300 ## - PHYSICAL DESCRIPTION
Extent Online resource
490 ## - SERIES STATEMENT
Series statement IAU Symposium; no. 289
856 ## - ELECTRONIC LOCATION AND ACCESS
Uniform Resource Identifier <a href="https://www.cambridge.org/core/journals/proceedings-of-the-international-astronomical-union/issue/5F667495B5068F3F4D7BBFCFD90A005B">https://www.cambridge.org/core/journals/proceedings-of-the-international-astronomical-union/issue/5F667495B5068F3F4D7BBFCFD90A005B</a>
Link text Click Here to Access eBook
942 ## - ADDED ENTRY ELEMENTS (KOHA)
Koha item type eBooks
Holdings
Withdrawn status Lost status Damaged status Not for loan Home library Current library Date acquired Source of acquisition Total Checkouts Barcode Date last seen Uniform Resource Identifier Price effective from Koha item type
        IIA Library-Bangalore IIA Library-Bangalore 01/04/2014 CUP   EB1459 05/11/2021 https://www.cambridge.org/core/journals/proceedings-of-the-international-astronomical-union/issue/5F667495B5068F3F4D7BBFCFD90A005B 05/11/2021 eBooks

Powered by Koha